LEADER 00997nam a2200265 u 4500 001 000000071867 003 CaOOAMICUS 005 20070226122158.0 008 020607s1993 it a u000 u ita u 035 $a10932385 040 $aPUL(R)$bita 100 1 $aIntrovigne, Massimo.$0(OLS)http://pul/name/30213 245 12$aI Mormoni /$cMassimo Introvigne. 260 $aCittą del Vaticano :$bLib. Ed. Vaticana,$c1993. 300 $a277 p. :$bill. ;$c20 cm 490 1 $aFigli di Abramo 500 $aContiene indice. 650 04$aMormoni.$0(OLS)http://pul/subject/23800 830 0$aFigli di Abramo.$0(OLS)http://pul/title/9895 850 $aPUL 852 $aPUL$W1$xDP1 Cons. Gen., Altre Classi 1$y22$m780 A 148$j92959$nBK-PRI$b $qStampati$B92959$CPULBib$Z2$F92959 $H $81 941 1 $a8 961 $aINV: 70778 996 $6245$aI Mormoni$9(OLS)http://pul/title/94583 996 $6260$aCittą del Vaticano :$bLib. Ed. Vaticana$9(OLS)http://pul/publisher/51417 LEADER 01363nam a2200313 a 4500 001 000000170896 003 CaOOAMICUS 005 20231012111423.0 008 181203s1999 enk 000 u eng r 020 $a0195132564* 032 $aLibriCat 040 $aPUL$bita 082 14$a530.01 100 1 $aNadeau, Robert,$d1944-$0(OLS)http://pul/name/44023 245 14$aThe non-local universe : $bthe new physics and matters of the mind / $cRobert Nadeau, Menas Kafatos. 260 $aOxford :$bOxford University Press,$c©1999. 300 $aXVI, 240 p. ; $c21 cm. 504 $aContiene riferimenti bibliografici. 650 4$aFisica$xStudi.$0(OLS)http://pul/subject/19193 650 4$aFisica e filosofia.$0(OLS)http://pul/subject/18706 700 1 $aKafatos, Menas.$0(OLS)http://pul/name/109899 850 $aPUL 852 $aPUL$W1$xDP2 Cons. Gen., Altre Classi 3$y97$m530. 01 NADRO 1$j194183$qDDC 21$B199415$CPULBib$Z2$F199415 $H131807 $81 941 1 $a9 996 $6020$a0195132564*$9(OLS)http://pul/number/165463 996 $6082$a530.01$9(OLS)http://pul/classification/3177 996 $6245$aThe non-local universe : $bthe new physics and matters of the mind / $9(OLS)http://pul/title/211740 996 $6260$aOxford :$bOxford University Press$9(OLS)http://pul/publisher/48013